| 000 | 00797cam a2200241 a 4500 | ||
|---|---|---|---|
| 999 |
_c7509 _d7509 |
||
| 003 | OSt | ||
| 005 | 20200312061942.0 | ||
| 008 | 051118s2005 ii a b 001 0 eng | ||
| 020 | _a9788175083714 | ||
| 040 |
_aDLC _cDLC |
||
| 043 | _aa-ii--- | ||
| 082 |
_a915.44 _bNAT |
||
| 100 | 1 | _aNath, Aman. | |
| 245 | 1 | 0 |
_aBrahma's Pushkar : _bancient Indian pilgrimage / _ctext & design, Aman Nath ; photographs, Rajan Kapoor. |
| 260 |
_aMumbai : _bIndia Book House, _cc2005. |
||
| 300 |
_a204 p. : _bcol. ill. ; _c33 cm. |
||
| 504 | _aIncludes bibliographical references (p. 200) and index. | ||
| 650 | 0 | _aPushkara Tīrtha (Pushkar, India) | |
| 650 | 0 |
_aHindu pilgrims and pilgrimages _zIndia _zPushkar. |
|
| 651 | 0 |
_aPushkar (India) _xDescription and travel. |
|
| 700 | 1 | _aKapoor, Rajan. | |
| 942 | _2ddc | ||